000 00589nam a2200205 i 4500
001 bg
100 1 _aMAJEROWSKI, Wojciech
245 1 0 _aPrzewodnik do ćwiczeń z obrotu produktami warzywnymi /
_cWojciech Majerowski.
260 _aLublin :
_bWydaw. Akademii Rolniczej,
_c1982.
300 _a31, [1] s. ;
_c24 cm.
504 _aBibliogr. s. 30-31.
650 9 _aWarzywa
_xhandel
650 9 _aRynek
_xrolnictwo
655 _aPodręczniki akademickie
040 _cBPK
041 0 _apl
080 _a635.1/.7:339.13](07)
942 _cKS
008 s pl f |000 0 pol
999 _c25050
_d25050
856 _uhttp://koha.tu.koszalin.pl/cgi-bin/koha/opac-detail.pl?biblionumber=25050
_yKatalog online BPK